Qui a chanté cette chanson ? #5 - Statistiques

Statistiques générales
  • Ce quiz a été pris 259 fois
  • Le résultat moyen est 12 sur 15
Statistiques - réponses
Chansons Chanteurs % Correct
Papaoutai Stromae
97%
Djadja Aya Nakamura
95%
On s'Attache Christophe Maë
95%
Paris-Seychelles Julien Doré
91%
Sur Ma Route Black M
89%
J'Me Tire Maître Gims
89%
Elle Me Dit Mika
88%
Le Sens De La Vie Tal
80%
La Grenade Clara Luciani
79%
Cosmo Soprano
79%
Je M'en Vais Vianney
78%
Le Chant Des Sirènes Fréro Delavega
75%
Avenir Louane
72%
Oui Ou Non Angèle
67%
Ca Ira Joyce Jonathan
45%
Aucun quiz correspondant
Distribution des résultats
% des personnes avec chaque résultat
Percentile par nombre de réponses
Votre historique - résultats
Vous n’avez pas pris ce quiz